000 00593nam a22002057a 4500
999 _c17237
_d17237
003 AR-CdUCM
008 190507b ||||| |||| 00| 0 spa d
040 _aMUNICIPALIDAD PROVINCIAL DEL CUSCO
_cBIBLIOTECA MUNICIPAL DEL CUSCO
082 _a081 /
_bL44
100 _aLenin, V. L.
_97072
245 _aObras completas /
260 _aBuenos Aires :
_bCartago,
_c1969.
300 _a554 paginas ;
_c20 cm.
500 _aObras completas coleccion
505 _aContenido : Tomo X
650 _aHistoria
_9136
650 _aLiteratura
_983
942 _2ddc
_cLIBROS
945 _apjha
_d2019-05-07